[Event "HUN-chT Youth 2019"]
[Site "Budapest"]
[Date "2019.10.28"]
[Round "4.35"]
[White "Kobol, Kitti"]
[Black "Ferku, Donat"]
[Result "0-1"]
[WhiteElo "1312"]
[BlackElo "1410"]
[Annotator "NA RC"]
[PlyCount "84"]
[EventDate "2019.10.26"]
[EventType "team-tourn"]
[EventCountry "HUN"]
[SourceTitle "playchess.com"]
[Source "ChessBase"]
[SourceQuality "1"]
[TimeControl "5400+30"]

1. e4 {[%emt 0:00:00]} e6 {[%emt 0:00:00]} 2. d4 {[%emt 0:00:00]} d5 {[%emt 0:00:00]} 3. Nc3 {[%emt 0:00:16]} Bb4 {[%emt 0:00:55]} 4. e5 {[%emt 0:04:31]} Bxc3+ {[%emt 0:00:58]} 5. bxc3 {[%emt 0:00:11]} Nc6 {[%emt 0:00:57]} 6. Bd3 {[%emt 0:03:47]} b6 {[%emt 0:01:06]} 7. Ne2 {[%emt 0:02:10]} Bb7 {[%emt 0:01:11]} 8. Bb2 {[%emt 0:03:15]} f6 {[%emt 0:02:11]} 9. f4 {[%emt 0:02:25]} Qe7 {[%emt 0:01:34]} 10. O-O {[%emt 0:04:11]} O-O-O {[%emt 0:00:49]} 11. c4 {[%emt 0:04:28]} dxc4 {[%emt 0:00:28]} 12. Bxc4 {[%emt 0:00:29]} fxe5 {[%emt 0:00:33]} 13. fxe5 {[%emt 0:00:38]} Nxe5 {[%emt 0:00:28]} 14. Bb3 {[%emt 0:00:44]} Nc6 {[%emt 0:00:14]} 15. Qe1 {[%emt 0:03:22]} Nf6 {[%emt 0:00:35]} 16. c3 {[%emt 0:01:00]} e5 {[%emt 0:00:46]} 17. Rc1 {[%emt 0:14:10]} Ba6 {[%emt 0:01:04]} 18. Rf2 {[%emt 0:01:18]} Rhe8 {[%emt 0:00:48]} 19. Ba4 {[%emt 0:02:06]} b5 {[%emt 0:00:30]} 20. Bb3 {[%emt 0:00:47]} exd4 {[%emt 0:06:20]} 21. cxd4 {[%emt 0:01:40]} Nxd4 {[%emt 0:04:07]} 22. Bxd4 {[%emt 0:01:13]} Rxd4 {[%emt 0:00:10]} 23. Qc3 {[%emt 0:00:33]} Rd7 {[%emt 0:00:37]} 24. Ng3 {[%emt 0:01:45]} b4 {[%emt 0:02:16]} 25. Qc2 {[%emt 0:01:55]} Ng4 {[%emt 0:00:55]} 26. Ba4 {[%emt 0:07:56]} Nxf2 {[%emt 0:01:37]} 27. Bxd7+ {[%emt 0:00:17]} Qxd7 {[%emt 0:00:10]} 28. Qxf2 {[%emt 0:00:32]} Qe6 {[%emt 0:01:09]} 29. h3 {[%emt 0:01:07]} Qe3 {[%emt 0:00:21]} 30. Rb1 {[%emt 0:02:58]} Qxf2+ {[%emt 0:00:52]} 31. Kxf2 {[%emt 0:00:14]} c5 {[%emt 0:00:24]} 32. Rc1 {[%emt 0:00:34]} c4 {[%emt 0:00:24]} 33. Kf3 {[%emt 0:00:33]} c3 {[%emt 0:00:10]} 34. a3 {[%emt 0:01:46]} Bb7+ {[%emt 0:00:25]} 35. Kf2 {[%emt 0:00:30]} a5 {[%emt 0:00:05]} 36. Ne2 {[%emt 0:02:05]} Rd8 {[%emt 0:00:09]} 37. g3 {[%emt 0:02:07]} Rd2 {[%emt 0:00:11]} 38. Ke1 {[%emt 0:00:21]} Ra2 {[%emt 0:00:38]} 39. axb4 {[%emt 0:00:28]} axb4 {[%emt 0:00:09]} 40. Nd4 {[%emt 0:00:27]} Rh2 {[%emt 0:00:38]} 41. Kd1 {[%emt 0:01:23]} Rh1+ {[%emt 0:00:22]} 42. Kc2 {[%emt 0:00:13]} Be4+ {[%emt 0:00:07]} 0-1

[Event "HUN-chT Youth 2019"]
[Site "Budapest"]
[Date "2019.10.28"]
[Round "4.36"]
[White "Papp, Regina"]
[Black "Suli, Henrietta"]
[Result "1-0"]
[WhiteElo "1366"]
[BlackElo "1207"]
[Annotator "NA RC"]
[PlyCount "77"]
[EventDate "2019.10.26"]
[EventType "team-tourn"]
[EventCountry "HUN"]
[SourceTitle "playchess.com"]
[Source "ChessBase"]
[SourceQuality "1"]
[TimeControl "5400+30"]

1. e4 {[%emt 0:00:00]} e5 {[%emt 0:00:00]} 2. Nf3 {[%emt 0:00:00]} Nc6 {[%emt 0:00:00]} 3. d4 {[%emt 0:00:00]} exd4 {[%emt 0:00:04]} 4. Nxd4 {[%emt 0:00:00]} Bc5 {[%emt 0:00:20]} 5. Nb3 {[%emt 0:00:01]} Bb6 {[%emt 0:01:19]} 6. Nc3 {[%emt 0:00:22]} Nf6 {[%emt 0:02:55]} 7. Qe2 {[%emt 0:00:54]} O-O {[%emt 0:00:41]} 8. Be3 {[%emt 0:01:19]} Bxe3 {[%emt 0:03:01]} 9. Qxe3 {[%emt 0:00:17]} Re8 {[%emt 0:01:57]} 10. f3 {[%emt 0:01:44]} d5 {[%emt 0:03:28]} 11. O-O-O {[%emt 0:01:38]} a6 {[%emt 0:10:50]} 12. Qf2 {[%emt 0:04:45]} Be6 {[%emt 0:03:51]} 13. Kb1 {[%emt 0:08:16]} Qd7 {[%emt 0:13:37]} 14. Nc5 {[%emt 0:03:23]} Qd6 {[%emt 0:01:16]} 15. Nxe6 {[%emt 0:02:16]} fxe6 {[%emt 0:00:42]} 16. g3 {[%emt 0:11:56]} Rad8 {[%emt 0:04:02]} 17. Bg2 {[%emt 0:06:04]} d4 {[%emt 0:03:07]} 18. h3 {[%emt 0:06:28]} Qb4 {[%emt 0:04:12]} 19. Ne2 {[%emt 0:03:39]} e5 {[%emt 0:04:29]} 20. Rhg1 {[%emt 0:04:07]} Qc4 {[%emt 0:06:58]} 21. b3 {[%emt 0:02:44]} Qb4 {[%emt 0:02:14]} 22. f4 {[%emt 0:05:39]} Qa3 {[%emt 0:06:45]} 23. Nc1 {[%emt 0:03:36]} a5 {[%emt 0:03:33]} 24. g4 {[%emt 0:05:06]} a4 {[%emt 0:02:52]} 25. g5 {[%emt 0:02:59]} Nd7 {[%emt 0:00:34]} 26. f5 {[%emt 0:01:35]} Ra8 {[%emt 0:01:01]} 27. f6 {[%emt 0:03:37]} Rf8 {[%emt 0:00:24]} 28. Bf1 {[%emt 0:00:42]} axb3 {[%emt 0:02:33]} 29. Bc4+ {[%emt 0:00:50]} Kh8 {[%emt 0:00:19]} 30. cxb3 {[%emt 0:03:26]} Na5 {[%emt 0:01:47]} 31. fxg7+ {[%emt 0:01:10]} Kxg7 {[%emt 0:00:30]} 32. Qh4 {[%emt 0:01:13]} Nxc4 {[%emt 0:01:27]} 33. bxc4 {[%emt 0:01:38]} Qb4+ {[%emt 0:00:31]} 34. Ka1 {[%emt 0:00:25]} Qc3+ {[%emt 0:02:06]} 35. Kb1 {[%emt 0:00:38]} Rf4 {[%emt 0:00:51]} 36. Qh6+ {[%emt 0:01:16]} Kh8 {[%emt 0:00:45]} 37. g6 {[%emt 0:02:24]} Nf6 {[%emt 0:00:12]} 38. gxh7 {[%emt 0:01:07]} Nxh7 {[%emt 0:00:54]} 39. Qg7# {[%emt 0:00:11]} 1-0

[Event "HUN-chT Youth 2019"]
[Site "Budapest"]
[Date "2019.10.28"]
[Round "5.1"]
[White "Bohus, Adam"]
[Black "Losonczi, Marcell"]
[Result "1-0"]
[WhiteElo "2229"]
[BlackElo "2249"]
[Annotator "NA RC"]
[PlyCount "99"]
[EventDate "2019.10.26"]
[EventType "team-tourn"]
[EventCountry "HUN"]
[SourceTitle "playchess.com"]
[Source "ChessBase"]
[SourceQuality "1"]
[TimeControl "5400+30"]

1. e4 {[%emt 0:00:00]} e5 {[%emt 0:00:00]} 2. Nf3 {[%emt 0:00:00]} Nc6 {[%emt 0:00:00]} 3. Bb5 {[%emt 0:00:00]} a6 {[%emt 0:00:00]} 4. Ba4 {[%emt 0:00:00]} Nf6 {[%emt 0:00:00]} 5. Nc3 {[%emt 0:00:05]} b5 {[%emt 0:03:06]} 6. Bb3 {[%emt 0:00:07]} Be7 {[%emt 0:00:07]} 7. d3 {[%emt 0:00:47]} d6 {[%emt 0:00:27]} 8. a3 {[%emt 0:00:14]} O-O {[%emt 0:00:43]} 9. Nd5 {[%emt 0:00:24]} Na5 {[%emt 0:08:45]} 10. Ba2 {[%emt 0:00:39]} Nxd5 {[%emt 0:00:50]} 11. Bxd5 {[%emt 0:00:19]} c6 {[%emt 0:00:31]} 12. Ba2 {[%emt 0:00:12]} c5 {[%emt 0:05:14]} 13. O-O {[%emt 0:02:10]} Be6 {[%emt 0:01:06]} 14. Bxe6 {[%emt 0:06:33]} fxe6 {[%emt 0:00:06]} 15. b4 {[%emt 0:00:07]} Nb7 {[%emt 0:02:00]} 16. Be3 {[%emt 0:10:17]} Rc8 {[%emt 0:00:22]} 17. Qb1 {[%emt 0:05:55]} Qd7 {[%emt 0:13:15]} 18. Rd1 {[%emt 0:19:01]} Bf6 {[%emt 0:09:16]} 19. Qb2 {[%emt 0:20:30]} Rc7 {[%emt 0:03:13]} 20. c3 {[%emt 0:03:35]} Rfc8 {[%emt 0:00:20]} 21. Rac1 {[%emt 0:04:00]} Qc6 {[%emt 0:12:48]} 22. Qb1 {[%emt 0:05:14]} a5 {[%emt 0:08:59]} 23. d4 {[%emt 0:07:36]} exd4 {[%emt 0:03:12]} 24. cxd4 {[%emt 0:00:13]} axb4 {[%emt 0:07:31]} 25. axb4 {[%emt 0:00:02]} c4 {[%emt 0:01:13]} 26. d5 {[%emt 0:03:07]} exd5 {[%emt 0:03:07]} 27. exd5 {[%emt 0:00:06]} Qe8 {[%emt 0:00:19]} 28. Bd4 {[%emt 0:01:54]} c3 {[%emt 0:04:56]} 29. Qd3 {[%emt 0:02:54]} Bxd4 {[%emt 0:05:55]} 30. Nxd4 {[%emt 0:00:01]} Rc4 {[%emt 0:00:14]} 31. Nc6 {[%emt 0:02:28]} Qe4 {[%emt 0:04:18]} 32. Qxe4 {[%emt 0:03:15]} Rxe4 {[%emt 0:00:06]} 33. Rxc3 {[%emt 0:00:18]} Kf8 {[%emt 0:02:23]} 34. Rf3+ {[%emt 0:01:39]} Ke8 {[%emt 0:00:06]} 35. Ra3 {[%emt 0:00:53]} Nd8 {[%emt 0:00:32]} 36. f3 {[%emt 0:00:00]} Re2 {[%emt 0:01:23]} 37. Nd4 {[%emt 0:00:40]} Rb2 {[%emt 0:00:04]} 38. Re1+ {[%emt 0:01:26]} Kf8 {[%emt 0:00:18]} 39. Rae3 {[%emt 0:00:50]} Rxb4 {[%emt 0:00:42]} 40. Re8+ {[%emt 0:00:40]} Kf7 {[%emt 0:00:02]} 41. Nc6 {[%emt 0:01:18]} Rxc6 {[%emt 0:00:09]} 42. R8e7+ {[%emt 0:00:33]} Kf6 {[%emt 0:01:56]} 43. dxc6 {[%emt 0:00:06]} Nxc6 {[%emt 0:00:05]} 44. R7e6+ {[%emt 0:00:10]} Kf7 {[%emt 0:00:09]} 45. Rxd6 {[%emt 0:00:04]} Rc4 {[%emt 0:00:08]} 46. Rd7+ {[%emt 0:01:19]} Kf6 {[%emt 0:00:55]} 47. Rd6+ {[%emt 0:00:01]} Kf7 {[%emt 0:00:09]} 48. Rdd1 {[%emt 0:00:09]} Nd4 {[%emt 0:01:36]} 49. Re4 {[%emt 0:00:27]} Nb3 {[%emt 0:00:18]} 50. Rd7+ {[%emt 0:00:40]} 1-0

[Event "HUN-chT Youth 2019"]
[Site "Budapest"]
[Date "2019.10.28"]
[Round "5.1"]
[White "Bohus, Adam"]
[Black "Krstulovic, Alex"]
[Result "*"]
[WhiteElo "2229"]
[BlackElo "2324"]
[Annotator "NA"]
[PlyCount "23"]
[EventDate "2019.10.26"]
[EventType "team-tourn"]
[EventCountry "HUN"]
[SourceTitle "playchess.com"]
[Source "ChessBase"]
[SourceQuality "1"]
[TimeControl "5400+30"]

1. e4 {[%emt 0:00:00]} e5 {[%emt 0:00:00]} 2. Nf3 {[%emt 0:00:00]} Nc6 {[%emt 0:00:00]} 3. Bb5 {[%emt 0:00:00]} a6 {[%emt 0:00:00]} 4. Ba4 {[%emt 0:00:00]} Nf6 {[%emt 0:00:00]} 5. Nc3 {[%emt 0:00:05]} b5 {[%emt 0:03:06]} 6. Bb3 {[%emt 0:00:07]} Be7 {[%emt 0:00:07]} 7. d3 {[%emt 0:00:47]} d6 {[%emt 0:00:27]} 8. a3 {[%emt 0:00:14]} O-O {[%emt 0:00:43]} 9. Nd5 {[%emt 0:00:24]} Na5 {[%emt 0:08:45]} 10. Ba2 {[%emt 0:00:39]} Nxd5 {[%emt 0:00:50]} 11. Bxd5 {[%emt 0:00:19]} c6 {[%emt 0:00:31]} 12. Ba2 {[%emt 0:00:12]} *

[Event "HUN-chT Youth 2019"]
[Site "Budapest"]
[Date "2019.10.28"]
[Round "5.1"]
[White "Palczert, Matyas"]
[Black "Turcsanyi, Vince Gergo"]
[Result "1-0"]
[WhiteElo "2009"]
[BlackElo "1810"]
[Annotator "NA RC"]
[PlyCount "105"]
[EventDate "2019.10.26"]
[EventType "team-tourn"]
[EventCountry "HUN"]
[SourceTitle "playchess.com"]
[Source "ChessBase"]
[SourceQuality "1"]
[TimeControl "5400+30"]

1. e4 {[%emt 0:00:00]} e5 {[%emt 0:00:00]} 2. Nf3 {[%emt 0:00:00]} Nc6 {[%emt 0:00:00]} 3. d4 {[%emt 0:00:00]} exd4 {[%emt 0:00:02]} 4. Nxd4 {[%emt 0:00:10]} Nf6 {[%emt 0:00:10]} 5. Nc3 {[%emt 0:00:33]} Bb4 {[%emt 0:00:11]} 6. Nxc6 {[%emt 0:00:24]} bxc6 {[%emt 0:00:07]} 7. Bd3 {[%emt 0:00:19]} d5 {[%emt 0:00:09]} 8. exd5 {[%emt 0:00:13]} cxd5 {[%emt 0:00:16]} 9. O-O {[%emt 0:00:17]} O-O {[%emt 0:00:21]} 10. h3 c6 {[%emt 0:03:02]} 11. Qf3 {[%emt 0:04:29]} Rb8 {[%emt 0:03:21]} 12. Bf4 {[%emt 0:05:02]} Bd6 {[%emt 0:02:04]} 13. b3 {[%emt 0:02:52]} Bb7 {[%emt 0:03:35]} 14. Bxd6 {[%emt 0:07:14]} Qxd6 {[%emt 0:00:17]} 15. Qg3 {[%emt 0:01:21]} Qxg3 {[%emt 0:09:46]} 16. fxg3 {[%emt 0:00:12]} Rfe8 {[%emt 0:01:07]} 17. Na4 {[%emt 0:05:53]} Nd7 {[%emt 0:11:29]} 18. Rae1 {[%emt 0:05:32]} g6 {[%emt 0:01:49]} 19. g4 {[%emt 0:09:32]} Kf8 {[%emt 0:03:32]} 20. Rxe8+ {[%emt 0:02:30]} Rxe8 {[%emt 0:00:32]} 21. b4 {[%emt 0:01:13]} Rc8 {[%emt 0:09:26]} 22. Nc5 {[%emt 0:02:08]} Nxc5 {[%emt 0:02:16]} 23. bxc5 {[%emt 0:00:42]} Rc7 {[%emt 0:02:19]} 24. h4 {[%emt 0:03:02]} Bc8 {[%emt 0:01:37]} 25. g5 {[%emt 0:00:22]} Kg7 {[%emt 0:01:05]} 26. h5 {[%emt 0:00:56]} Re7 {[%emt 0:06:12]} 27. h6+ {[%emt 0:00:59]} Kf8 {[%emt 0:00:42]} 28. a4 {[%emt 0:04:27]} Ke8 {[%emt 0:07:09]} 29. a5 {[%emt 0:05:34]} Re5 {[%emt 0:03:39]} 30. Rb1 {[%emt 0:01:08]} Kd7 {[%emt 0:01:07]} 31. Rf1 {[%emt 0:01:26]} Ke7 {[%emt 0:00:31]} 32. a6 {[%emt 0:00:46]} Rxg5 {[%emt 0:06:27]} 33. Rb1 {[%emt 0:00:40]} Kd8 {[%emt 0:00:17]} 34. Rb8 {[%emt 0:04:03]} Re5 {[%emt 0:00:11]} 35. Ra8 {[%emt 0:00:14]} Re7 {[%emt 0:00:12]} 36. g4 {[%emt 0:01:12]} Rc7 {[%emt 0:01:28]} 37. g5 {[%emt 0:00:49]} Ke7 {[%emt 0:00:16]} 38. Kh2 {[%emt 0:01:10]} Ke6 {[%emt 0:01:51]} 39. Kg3 {[%emt 0:02:02]} Ke5 {[%emt 0:03:02]} 40. c3 {[%emt 0:00:41]} d4 {[%emt 0:02:46]} 41. c4 {[%emt 0:04:40]} f5 {[%emt 0:03:37]} 42. Kf3 {[%emt 0:01:09]} Ke6 {[%emt 0:06:52]} 43. Kf4 {[%emt 0:00:47]} Bxa6 {[%emt 0:04:18]} 44. Rd8 {[%emt 0:00:44]} Rd7 {[%emt 0:01:09]} 45. Rxd7 {[%emt 0:00:37]} Kxd7 {[%emt 0:00:02]} 46. Bxf5+ {[%emt 0:00:51]} gxf5 {[%emt 0:00:42]} 47. g6 {[%emt 0:00:10]} d3 {[%emt 0:01:43]} 48. Ke3 {[%emt 0:00:26]} Bxc4 {[%emt 0:00:38]} 49. gxh7 {[%emt 0:00:21]} f4+ {[%emt 0:00:26]} 50. Kd2 {[%emt 0:00:13]} f3 {[%emt 0:00:11]} 51. h8=Q {[%emt 0:00:16]} f2 {[%emt 0:00:04]} 52. Qf6 {[%emt 0:00:47]} f1=Q {[%emt 0:00:15]} 53. Qxf1 {[%emt 0:00:09]} 1-0

[Event "HUN-chT Youth 2019"]
[Site "Budapest"]
[Date "2019.10.28"]
[Round "5.2"]
[White "Losonczi, Marcell"]
[Black "Pasztor, Balazs"]
[Result "*"]
[WhiteElo "2249"]
[BlackElo "2152"]
[Annotator "NA"]
[PlyCount "25"]
[EventDate "2019.10.26"]
[EventType "team-tourn"]
[EventCountry "HUN"]
[SourceTitle "playchess.com"]
[Source "ChessBase"]
[SourceQuality "1"]
[TimeControl "5400+30"]

1. e4 {[%emt 0:00:00]} e5 {[%emt 0:00:00]} 2. Nf3 {[%emt 0:00:00]} Nc6 {[%emt 0:00:00]} 3. Bb5 {[%emt 0:00:00]} a6 {[%emt 0:00:00]} 4. Ba4 {[%emt 0:00:00]} Nf6 {[%emt 0:00:05]} 5. O-O {[%emt 0:00:02]} Be7 {[%emt 0:00:07]} 6. Re1 {[%emt 0:00:02]} b5 {[%emt 0:00:14]} 7. Bb3 {[%emt 0:00:02]} O-O {[%emt 0:00:35]} 8. a4 {[%emt 0:00:06]} d5 {[%emt 0:00:47]} 9. exd5 {[%emt 0:00:21]} Na5 {[%emt 0:00:14]} 10. Nxe5 {[%emt 0:01:22]} Nxb3 {[%emt 0:00:18]} 11. Nc6 {[%emt 0:02:12]} Bg4 {[%emt 0:01:46]} 12. Nxd8 {[%emt 0:05:39]} Bxd1 {[%emt 0:00:19]} 13. cxb3 {[%emt 0:00:43]} *

[Event "HUN-chT Youth 2019"]
[Site "Budapest"]
[Date "2019.10.28"]
[Round "5.2"]
[White "Tancsa, Tamas"]
[Black "Pasztor, Balazs"]
[Result "0-1"]
[WhiteElo "2082"]
[BlackElo "2152"]
[Annotator "NA RC"]
[PlyCount "42"]
[EventDate "2019.10.26"]
[EventType "team-tourn"]
[EventCountry "HUN"]
[SourceTitle "playchess.com"]
[Source "ChessBase"]
[SourceQuality "1"]
[TimeControl "5400+30"]

1. e4 {[%emt 0:00:00]} e5 {[%emt 0:00:00]} 2. Nf3 {[%emt 0:00:00]} Nc6 {[%emt 0:00:00]} 3. Bb5 {[%emt 0:00:00]} a6 {[%emt 0:00:00]} 4. Ba4 {[%emt 0:00:00]} Nf6 {[%emt 0:00:05]} 5. O-O {[%emt 0:00:02]} Be7 {[%emt 0:00:07]} 6. Re1 {[%emt 0:00:02]} b5 {[%emt 0:00:14]} 7. Bb3 {[%emt 0:00:02]} O-O {[%emt 0:00:35]} 8. a4 {[%emt 0:00:06]} d5 {[%emt 0:00:47]} 9. exd5 {[%emt 0:00:21]} Na5 {[%emt 0:00:14]} 10. Nxe5 {[%emt 0:01:22]} Nxb3 {[%emt 0:00:18]} 11. Nc6 {[%emt 0:02:12]} Bg4 {[%emt 0:01:46]} 12. Nxd8 {[%emt 0:05:39]} Bxd1 {[%emt 0:00:19]} 13. cxb3 {[%emt 0:00:43]} Bxb3 {[%emt 0:07:17]} 14. Nc6 {[%emt 0:16:07]} Bd6 {[%emt 0:06:25]} 15. Nd4 {[%emt 0:07:45]} Rfe8 {[%emt 0:14:16]} 16. Rf1 {[%emt 0:09:10]} Bc4 {[%emt 0:08:13]} 17. Rd1 {[%emt 0:00:31]} Bd3 {[%emt 0:11:47]} 18. b3 {[%emt 0:13:49]} b4 {[%emt 0:04:09]} 19. Bb2 {[%emt 0:01:40]} Nxd5 {[%emt 0:01:49]} 20. g3 {[%emt 0:00:35]} c5 {[%emt 0:04:50]} 21. Nc6 {[%emt 0:00:33]} a5 {[%emt 0:01:59]} 0-1

[Event "HUN-chT Youth 2019"]
[Site "Budapest"]
[Date "2019.10.28"]
[Round "5.2"]
[White "Lazsadi, Kerka Lilla"]
[Black "Hajdu, Marton Abris"]
[Result "1-0"]
[WhiteElo "1561"]
[BlackElo "1818"]
[Annotator "NA RC"]
[PlyCount "45"]
[EventDate "2019.10.26"]
[EventType "team-tourn"]
[EventCountry "HUN"]
[SourceTitle "playchess.com"]
[Source "ChessBase"]
[SourceQuality "1"]
[TimeControl "5400+30"]

1. d4 {[%emt 0:00:00]} Nf6 {[%emt 0:00:00]} 2. Bg5 {[%emt 0:00:00]} c6 {[%emt 0:00:53]} 3. Nf3 {[%emt 0:01:01]} d5 {[%emt 0:00:20]} 4. e3 {[%emt 0:00:42]} h6 5. Bxf6 {[%emt 0:00:44]} exf6 {[%emt 0:00:50]} 6. c4 {[%emt 0:00:07]} Be6 {[%emt 0:02:44]} 7. Qb3 {[%emt 0:04:22]} Qc7 {[%emt 0:02:20]} 8. Nc3 {[%emt 0:02:02]} dxc4 {[%emt 0:03:46]} 9. Bxc4 {[%emt 0:01:28]} Bxc4 {[%emt 0:00:14]} 10. Qxc4 {[%emt 0:00:17]} Bd6 {[%emt 0:00:17]} 11. O-O {[%emt 0:04:20]} O-O {[%emt 0:01:31]} 12. Rac1 {[%emt 0:02:06]} Qe7 {[%emt 0:04:11]} 13. Rfe1 {[%emt 0:02:39]} Nd7 {[%emt 0:01:24]} 14. e4 {[%emt 0:05:04]} Rfe8 {[%emt 0:06:33]} 15. Rcd1 {[%emt 0:05:05]} Rad8 {[%emt 0:04:01]} 16. Qd3 {[%emt 0:05:58]} Bb8 {[%emt 0:05:00]} 17. Nh4 {[%emt 0:11:27]} Ne5 {[%emt 0:02:02]} 18. Qh3 {[%emt 0:01:18]} Nc4 {[%emt 0:06:52]} 19. b3 {[%emt 0:02:10]} Nb6 {[%emt 0:03:56]} 20. Nf5 {[%emt 0:03:51]} Qc7 {[%emt 0:00:09]} 21. Re3 {[%emt 0:01:10]} Kh7 {[%emt 0:15:49]} 22. Rg3 {[%emt 0:03:27]} Rg8 {[%emt 0:00:16]} 23. Rxg7+ {[%emt 0:00:44]} 1-0

[Event "HUN-chT Youth 2019"]
[Site "Budapest"]
[Date "2019.10.28"]
[Round "5.3"]
[White "Dibusz, Domonkos"]
[Black "Tancsa, Tamas"]
[Result "*"]
[WhiteElo "2088"]
[BlackElo "2082"]
[Annotator "NA"]
[PlyCount "26"]
[EventDate "2019.10.26"]
[EventType "team-tourn"]
[EventCountry "HUN"]
[SourceTitle "playchess.com"]
[Source "ChessBase"]
[SourceQuality "1"]
[TimeControl "5400+30"]

1. e4 {[%emt 0:00:00]} e5 {[%emt 0:00:00]} 2. Nf3 {[%emt 0:00:00]} Nc6 {[%emt 0:00:00]} 3. Bb5 {[%emt 0:00:00]} a6 {[%emt 0:00:00]} 4. Ba4 {[%emt 0:00:00]} Nf6 {[%emt 0:00:00]} 5. O-O {[%emt 0:00:00]} Be7 {[%emt 0:00:00]} 6. Re1 {[%emt 0:00:00]} b5 {[%emt 0:00:15]} 7. Bb3 {[%emt 0:00:00]} O-O {[%emt 0:00:10]} 8. h3 {[%emt 0:00:11]} Bb7 {[%emt 0:00:16]} 9. d3 {[%emt 0:00:05]} d6 {[%emt 0:00:19]} 10. a3 {[%emt 0:07:56]} Qd7 {[%emt 0:00:52]} 11. Nbd2 {[%emt 0:02:03]} Rfe8 {[%emt 0:00:56]} 12. Nf1 {[%emt 0:01:51]} h6 {[%emt 0:00:25]} 13. Ng3 {[%emt 0:00:19]} Bf8 {[%emt 0:00:22]} *

[Event "HUN-chT Youth 2019"]
[Site "Budapest"]
[Date "2019.10.28"]
[Round "5.3"]
[White "Dibusz, Domonkos"]
[Black "Forgacs, Attila Jr."]
[Result "1/2-1/2"]
[WhiteElo "2088"]
[BlackElo "2104"]
[Annotator "TA"]
[PlyCount "69"]
[EventDate "2019.10.26"]
[EventType "team-tourn"]
[EventCountry "HUN"]
[SourceTitle "playchess.com"]
[Source "ChessBase"]
[SourceQuality "1"]

{[%evp 18,69,29,21,18,16,26,0,22,32,34,22,33,-5,41,0,49,29,58,0,87,-12,93,58,102,75,67,74,78,68,162,138,166,79,100,65,60,36,64,31,60,0,145,31,33,-118,-119,-113,-116,-136,0,0,0,0]} 1. e4 e5 2. Nf3 Nc6 3. Bb5 a6 4. Ba4 Nf6 5. O-O Be7 6. Re1 b5 7. Bb3 O-O 8. h3 Bb7 9. d3 d6 10. a3 Qd7 {C88: Closed Ruy Lopez: Anti-Marshall Systems} 11. Nbd2 {[%cal Bb1d2,Bd2f1,Bf1g3][%mdl 32]} Rfe8 12. Nf1 h6 13. Ng3 Bf8 14. c3 d5 {[#]} 15. a4 $146 ({Predecessor:} 15. Qe2 Rad8 16. Bc2 g6 17. Be3 a5 18. a4 {0-1 (37) Wei,Y (2734)-Bu,X (2710) Zaozhuang 2015}) 15... Rad8 16. Be3 Qc8 {next ...dxe4 is good for Black.} 17. axb5 axb5 {With the idea ...dxe4.} 18. Qc2 (18. Bd2 $14) 18... d4 (18... Nb8 $11) 19. cxd4 (19. Bd2 $16) 19... exd4 (19... Nxd4 $11 20. Nxd4 exd4) 20. Bf4 $16 Nb4 21. Qd1 (21. Qxc7 Qxc7 22. Bxc7 Rd7 $15) 21... c5 22. Ne5 c4 23. dxc4 Bd6 {[#]} ({Better is} 23... bxc4 $14 24. Rc1 (24. Nxc4 Nxe4 25. Ne5 Rxe5 $11) (24. Bxc4 Rxe5 25. Bxf7+ Kxf7 $14) 24... Qb8) 24. Nxf7 $1 $18 {[%mdl 576] Double Attack} Bxf4 (24... Kxf7 25. c5+) 25. Nxd8 (25. cxb5 $18 Kh7 26. e5 (26. Nxd8 Qxd8 27. Ra4 Qd6 $14) 26... Bxg3 27. Nxd8 (27. fxg3 Ne4 $16)) 25... Qxd8 $16 26. Ra7 Qb8 27. Qxd4 Bxg3 28. fxg3 Bxe4 29. Kh2 (29. Ra3 $14 bxc4 30. Bxc4+ Bd5 31. Rxe8+ Qxe8 32. Ra5) 29... bxc4 (29... Kh8 $11 {keeps the balance.} 30. cxb5 Nd3) 30. Bxc4+ (30. Qxc4+ $16 Bd5 31. Rxe8+ Nxe8 32. Qe4) 30... Kh8 $14 31. Rf7 $2 (31. Qc5 $14 {stays ahead.}) 31... Nc2 $1 $17 {[%csl LRd4,LRe1][%mdl 64] [#] Double Attack} 32. Qc3 {And now Rxe4! would win.} Nxe1 33. Rxf6 gxf6 (33... Re5 $17 34. Qd2 Kh7) 34. Qxf6+ $11 {[%mdl 64] Double Attack} Kh7 35. Qf7+ {Accuracy: White = 45%, Black = 19%.} 1/2-1/2

[Event "HUN-chT Youth 2019"]
[Site "Budapest"]
[Date "2019.10.28"]
[Round "5.3"]
[White "Nagy, Botond"]
[Black "Kovacs, Kristof"]
[Result "0-1"]
[WhiteElo "1281"]
[BlackElo "1547"]
[Annotator "NA"]
[PlyCount "64"]
[EventDate "2019.10.26"]
[EventType "team-tourn"]
[EventCountry "HUN"]
[SourceTitle "playchess.com"]
[Source "ChessBase"]
[SourceQuality "1"]
[TimeControl "5400+30"]

1. e4 {[%emt 0:00:00]} e5 {[%emt 0:00:00]} 2. Bc4 {[%emt 0:00:06]} Nf6 {[%emt 0:00:00]} 3. d3 {[%emt 0:00:45]} Nc6 {[%emt 0:00:00]} 4. Nc3 {[%emt 0:00:43]} d6 {[%emt 0:00:17]} 5. Nge2 {[%emt 0:00:55]} Be7 {[%emt 0:00:29]} 6. O-O {[%emt 0:01:04]} O-O {[%emt 0:00:49]} 7. h3 {[%emt 0:01:29]} Be6 {[%emt 0:00:18]} 8. Bb3 {[%emt 0:02:02]} Qd7 {[%emt 0:00:41]} 9. Bxe6 {[%emt 0:03:26]} fxe6 {[%emt 0:00:09]} 10. f4 {[%emt 0:00:29]} Rf7 {[%emt 0:01:36]} 11. Be3 {[%emt 0:01:05]} Raf8 {[%emt 0:00:21]} 12. Qd2 {[%emt 0:02:28]} d5 {[%emt 0:00:53]} 13. exd5 {[%emt 0:04:07]} exd5 {[%emt 0:00:15]} 14. fxe5 {[%emt 0:02:16]} Nxe5 {[%emt 0:00:14]} 15. Bf4 {[%emt 0:01:17]} Bd6 {[%emt 0:04:04]} 16. Qe3 {[%emt 0:03:10]} Nc6 {[%emt 0:01:11]} 17. Bxd6 {[%emt 0:02:42]} Qxd6 {[%emt 0:00:25]} 18. Qg3 {[%emt 0:03:32]} Qc5+ {[%emt 0:01:22]} 19. Kh2 {[%emt 0:01:22]} Nh5 {[%emt 0:01:17]} 20. Qh4 {[%emt 0:05:07]} Rxf1 {[%emt 0:00:42]} 21. Rxf1 {[%emt 0:00:35]} Rxf1 {[%emt 0:00:13]} 22. Qxh5 {[%emt 0:00:40]} Qd6+ {[%emt 0:00:19]} 23. g3 {[%emt 0:01:10]} Ne5 {[%emt 0:01:45]} 24. Kg2 {[%emt 0:01:24]} Rf8 {[%emt 0:01:40]} 25. Qh4 {[%emt 0:03:28]} c5 {[%emt 0:03:43]} 26. Nf4 {[%emt 0:01:49]} d4 {[%emt 0:02:52]} 27. Ne4 {[%emt 0:01:20]} Qb6 {[%emt 0:01:25]} 28. b3 {[%emt 0:01:35]} Qc6 {[%emt 0:01:51]} 29. Qe7 {[%emt 0:00:52]} Ng6 {[%emt 0:00:45]} 30. Ne6 {[%emt 0:04:42]} Nxe7 {[%emt 0:00:19]} 31. N6xc5 {[%emt 0:00:37]} Nd5 {[%emt 0:00:21]} 32. a4 {[%emt 0:00:33]} Nc3 {[%emt 0:00:00]} 0-1